000 00635nam a2200217Ia 4500
001 3415
003 GE_BSU
008 181216s||||||||xx |||||||||||||| ||und||
040 _cGE_BSU
080 _a542.1(076)
100 _aВоскресенский,П.И.
245 _aТехника лабораторных работ.
245 _cРед. Л.Н.Одерберг.
250 _aИзд 9-е.переработанное и дополненное.
260 _aЛ.
260 _bХимия.
260 _c1970.
300 _a720стр.23см.
653 _aТехника лабораторных работ.
942 _cBK
999 _c37454
_d37454